The Pakistan paradox : instability and resilience (Record no. 444660)

000 -LEADER
fixed length control field 00630cam a22001817a 4500
008 - FIXED-LENGTH DATA ELEMENTS--GENERAL INFORMATION
fixed length control field 180718b2015 xxu||||| |||| 00| 0 eng d
020 ## - INTERNATIONAL STANDARD BOOK NUMBER
International Standard Book Number 9788184005745
082 ## - DEWEY DECIMAL CLASSIFICATION NUMBER
Classification number A6x547 Sch61
100 ## - MAIN ENTRY--PERSONAL NAME
Personal name Jaffrelot, Christophe
245 ## - TITLE STATEMENT
Title The Pakistan paradox : instability and resilience
Statement of responsibility, etc. by Christophe Jaffrelot
260 ## - PUBLICATION, DISTRIBUTION, ETC.
Place of publication, distribution, etc. Gurgaon
Name of publisher, distributor, etc. Random House
Date of publication, distribution, etc. 2015
300 ## - PHYSICAL DESCRIPTION
Extent 670p.
650 ## - SUBJECT ADDED ENTRY--TOPICAL TERM
Topical term or geographic name entry element Pakistan -- Politics and government -- 1988-
650 ## - SUBJECT ADDED ENTRY--TOPICAL TERM
Topical term or geographic name entry element Pakistan -- Military policy
650 ## - SUBJECT ADDED ENTRY--TOPICAL TERM
Topical term or geographic name entry element Islam and state -- Pakistan
650 ## - SUBJECT ADDED ENTRY--TOPICAL TERM
Topical term or geographic name entry element Terrorism -- Government policy -- Pakistan
650 ## - SUBJECT ADDED ENTRY--TOPICAL TERM
Topical term or geographic name entry element Military weapons -- Purchasing -- Pakistan
Holdings
Withdrawn status Lost status Damaged status Not for loan Permanent Location Current Location Date acquired Total Checkouts Full call number Barcode Date last seen Date last checked out Price effective from Koha item type
        Indian Institute of Public Administration Indian Institute of Public Administration 2015-07-10 1 A6x547 Sch61 86202 2022-12-08 2022-12-06 2018-07-21 Book

Powered by Koha